GiaÌo triÌ€nh thưÌ£c vâÌ£t hoÌ£c ĐaÌ£i cương vêÌ€ giải phẫu, hiÌ€nh thaÌi vaÌ€ phân loaÌ£i hoÌ£c thưÌ£c vâÌ£t
TriÌ€nh baÌ€y những kiêÌn thưÌc đaÌ£i cương vêÌ€ giải phẫu, hiÌ€nh thaÌi vaÌ€ phân loaÌ£i hoÌ£c thưÌ£c vâÌ£t. ĐươÌ£c chia laÌ€m 4 phâÌ€n: TêÌ baÌ€o thưÌ£c vâÌ£t; SưÌ£ đa daÌ£ng của thưÌ£c vâÌ£t; SưÌ£ phaÌt triển vaÌ€ câÌu taÌ£o...
Tallennettuna:
| Päätekijä: | |
|---|---|
| Aineistotyyppi: | Kirja |
| Kieli: | Undetermined |
| Julkaistu: |
H.
GiaÌo duÌ£c
2009
|
| Aiheet: | |
| Linkit: | http://lrc.tdmu.edu.vn/opac/search/detail.asp?aID=2&ID=7571 |
| Tagit: |
Lisää tagi
Ei tageja, Lisää ensimmäinen tagi!
|
| Thư viện lưu trữ: | Trung tâm Học liệu Trường Đại học Thủ Dầu Một |
|---|
| LEADER | 01440nam a2200217Ia 4500 | ||
|---|---|---|---|
| 001 | TDMU_7571 | ||
| 008 | 210410s9999 xx 000 0 und d | ||
| 082 | |a 580 | ||
| 090 | |b NG528 | ||
| 100 | |a Nguyễn, BaÌ | ||
| 245 | 0 | |a GiaÌo triÌ€nh thưÌ£c vâÌ£t hoÌ£c | |
| 245 | 0 | |b ĐaÌ£i cương vêÌ€ giải phẫu, hiÌ€nh thaÌi vaÌ€ phân loaÌ£i hoÌ£c thưÌ£c vâÌ£t | |
| 245 | 0 | |c GS. TS. Nguyễn BaÌ | |
| 260 | |a H. | ||
| 260 | |b GiaÌo duÌ£c | ||
| 260 | |c 2009 | ||
| 300 | |a 279tr. | ||
| 520 | |a TriÌ€nh baÌ€y những kiêÌn thưÌc đaÌ£i cương vêÌ€ giải phẫu, hiÌ€nh thaÌi vaÌ€ phân loaÌ£i hoÌ£c thưÌ£c vâÌ£t. ĐươÌ£c chia laÌ€m 4 phâÌ€n: TêÌ baÌ€o thưÌ£c vâÌ£t; SưÌ£ đa daÌ£ng của thưÌ£c vâÌ£t; SưÌ£ phaÌt triển vaÌ€ câÌu taÌ£o của thưÌ£c vâÌ£t haÌ£t kiÌn; ThưÌ£c vâÌ£t vaÌ€ môi trươÌ€ng. | ||
| 650 | |a ThưÌ£c vâÌ£t hoÌ£c |v GiaÌo triÌ€nh; ThưÌ£c vâÌ£t hoÌ£c; ThưÌ£c vâÌ£t; TêÌ baÌ€o thưÌ£c vâÌ£t; Môi trươÌ€ng | ||
| 856 | |u http://lrc.tdmu.edu.vn/opac/search/detail.asp?aID=2&ID=7571 | ||
| 980 | |a Trung tâm Học liệu Trường Đại học Thủ Dầu Một | ||